Abuse of Power: The New Nixon Tapes (Record no. 533656)
[ view plain ]
| 000 -LEADER | |
|---|---|
| fixed length control field | 00270nam a22001217a 4500 |
| 020 ## - INTERNATIONAL STANDARD BOOK NUMBER | |
| International Standard Book Number | 9780684841274 |
| 040 ## - CATALOGING SOURCE | |
| Transcribing agency | dlc |
| 082 ## - DEWEY DECIMAL CLASSIFICATION NUMBER | |
| Classification number | 973.924092 |
| 100 ## - MAIN ENTRY--PERSONAL NAME | |
| Personal name | Stanley Kutler |
| 9 (RLIN) | 27607 |
| 245 ## - TITLE STATEMENT | |
| Title | Abuse of Power: The New Nixon Tapes |
| 300 ## - PHYSICAL DESCRIPTION | |
| Extent | 675p |
| 942 ## - ADDED ENTRY ELEMENTS (KOHA) | |
| Source of classification or shelving scheme | |
| Koha item type | Book |
| Withdrawn status | Lost status | Source of classification or shelving scheme | Damaged status | Not for loan | Permanent Location | Current Location | Date acquired | Total Checkouts | Full call number | Barcode | Date last seen | Price effective from | Koha item type |
|---|---|---|---|---|---|---|---|---|---|---|---|---|---|
| School of Civil and Environmental Engineering (SCEE) | School of Civil and Environmental Engineering (SCEE) | 01/15/2020 | 973.924092 | NIT-9253 | 01/15/2020 | 01/15/2020 | Book |
